000 00600nam a2200145Ia 4500
005 20260209120128.0
008 260209s9999||||xx |||||||||||||| ||und||
100 _aPurneshwar Mahato
245 0 _aInternally displaced persons and development : a critical study
260 _aBangaloreBangalore
_bNLSIU
_c2010
300 _a86 p. ; 25 cm.
650 _aInteranally Displaced Persons - Guiding Principles Internally Displaced Persons - International Protection
700 _aProf. (Dr.) V Vijayakumar - GuideProf. (Dr.) V Vijayakumar - Guide
856 _uhttps://dans.nls.ac.in/handle/123456789/1932
999 _c216959
_d216959